| 000 | 00823nam a2200301Ia 4500 | ||
|---|---|---|---|
| 001 | Z_4469 | ||
| 003 | CHAP | ||
| 008 | 220113s1973 xx 000 0 und d | ||
| 010 | _a167542 | ||
| 040 | _cCHAP | ||
| 082 | _a637 L66 | ||
| 100 |
_aLópez Rubio, Armando _9141783 |
||
| 245 |
_aPrácticas de los productos pecuarios / _cpor Armando López Rubio |
||
| 260 |
_aChapingo, Méx. : _bENA. Departamento de Industrias Agrícolas, _c1973 |
||
| 300 | _a64 p | ||
| 440 | _a | ||
| 500 | _aapuntes | ||
| 503 | _a | ||
| 650 |
_aIndustria lechera _957819 |
||
| 650 |
_aProductos lácteos _xProcesado _992149 |
||
| 650 |
_aProductos pecuarios _xProcesado I. ENA. Departamento de Industrias Agrícolas _9141784 |
||
| 901 | _a637 L66 | ||
| 902 | _aA | ||
| 910 | _a1973 | ||
| 942 | _c1 | ||
| 942 | _cc1 | ||
| 999 |
_c167542 _d167542 |
||